[Event "Natal op"]
[Site "Natal"]
[Date "2013.09.07"]
[Round "4"]
[White "Dias, Kleber Maux"]
[Black "De Lima, Alan Silva"]
[Result "0-1"]
[WhiteElo "1712"]
[BlackElo "1936"]
[PlyCount "114"]
[EventDate "2013.09.06"]
[EventType "swiss"]
[EventRounds "6"]
[EventCountry "BRA"]
[SourceTitle "EXT 2016"]
[Source "ChessBase"]
[SourceDate "2015.10.08"]
[SourceVersion "1"]
[SourceVersionDate "2015.10.08"]
[SourceQuality "1"]

1. e4 c5 2. Nf3 g6 3. d4 cxd4 4. Nxd4 Bg7 5. Be2 Qb6 6. c3 Nc6 7. Nb3 Nf6 8. Be3 Qc7 9. f3 0-0 10. Na3 a6 11. Nc4 b5 12. Nb6 Rb8 13. Nxc8 Rfxc8 14. Rc1 Rd8 15. 0-0 d5 16. Qc2 Rdc8 17. exd5 Nb4 18. Qb1 Nbxd5 19. Bf2 Nf4 20. Rfe1 N6h5 21. Bf1 e5 22. c4 b4 23. c5 Ne6 24. Bxa6 Rd8 25. c6 Nhf4 26. Bf1 Rd6 27. Nc5 Nxc5 28. Rxc5 Rxc6 29. Rec1 Rxc5 30. Rxc5 Qd6 31. Qc2 Ne6 32. Rc8+ Rxc8 33. Qxc8+ Bf8 34. Qc4 Qd2 35. Qe2 Qd5 36. b3 Bc5 37. Qc2 Bxf2+ 38. Qxf2 Kg7 39. Bc4 Qd1+ 40. Qf1 Qd4+ 41. Kh1 Nf4 42. g3 Nd5 43. Bxd5 Qxd5 44. Qe2 f5 45. Kg1 Qd4+ 46. Qf2 Qxf2+ 47. Kxf2 Kf6 48. Ke2 Ke6 49. Ke3 Kd5 50. Kd3 g5 51. h3 h5 52. Ke3 e4 53. fxe4+ fxe4 54. Ke2 Kd4 55. g4 hxg4 56. hxg4 e3 57. Ke1 Ke4 0-1

[Event "Joao Pessoa op 08"]
[Site "Joao Pessoa"]
[Date "2013.08.04"]
[Round "6"]
[White "Dias, Kleber Maux"]
[Black "Lucena, Helianto dos Santos"]
[Result "1/2-1/2"]
[WhiteElo "1696"]
[BlackElo "1892"]
[PlyCount "149"]
[EventDate "2013.08.02"]
[EventType "swiss"]
[EventRounds "6"]
[EventCountry "BRA"]
[SourceTitle "EXT 2014"]
[Source "ChessBase"]
[SourceDate "2013.11.20"]
[SourceVersion "1"]
[SourceVersionDate "2013.11.20"]
[SourceQuality "1"]

1. Nf3 d5 2. d4 Nf6 3. Nbd2 g6 4. c4 c6 5. e3 Bg7 6. c5 0-0 7. Be2 Bg4 8. b4 Nbd7 9. 0-0 Re8 10. Bb2 a5 11. a3 b6 12. cxb6 Nxb6 13. Ne5 Bxe2 14. Qxe2 Qd6 15. Rfc1 Rec8 16. Nd3 Na4 17. Nb3 Nxb2 18. Qxb2 axb4 19. axb4 Rab8 20. Nbc5 Ne4 21. Ra7 Nxc5 22. Nxc5 Rb5 23. Qa3 Qb8 24. Rxe7 Bf8 25. Ra7 Rxb4 26. Ra5 Rb1 27. Qc3 Qb4 28. Ra3 Bxc5 29. dxc5 Rb8 30. h3 Qxc3 31. Raxc3 Rxc1+ 32. Rxc1 Rb5 33. g4 Kg7 34. g5 h6 35. h4 hxg5 36. hxg5 f6 37. f4 fxg5 38. fxg5 Ra5 39. Kg2 Ra3 40. Kf3 Kf7 41. Kf4 Ke6 42. Rh1 Ra4+ 43. Kf3 Kf5 44. Rh8 Rc4 45. e4+ dxe4+ 46. Ke3 Rxc5 47. Rf8+ Kxg5 48. Kxe4 Rf5 49. Rh8 c5 50. Rh7 Rf4+ 51. Ke3 c4 52. Rg7 Rh4 53. Rc7 Rh3+ 54. Kf2 c3 55. Kg2 Rd3 56. Kf2 Kh4 57. Rh7+ Kg4 58. Rc7 g5 59. Rc4+ Kh3 60. Rc6 Rd2+ 61. Ke1 Rd3 62. Ke2 Rg3 63. Rh6+ Kg4 64. Rc6 c2 65. Kf2 Rf3+ 66. Kg2 Rg3+ 67. Kf2 Rf3+ 68. Kg2 c1Q 69. Rxc1 Ra3 70. Rc4+ Kh5 71. Rc8 Kh4 72. Rb8 Ra2+ 73. Kg1 Kh5 74. Rb3 g4 75. Rc3 1/2-1/2